[Event "World Corporate East C"]
[Site "Chess.com INT"]
[Date "2021.02.20"]
[Round "6.6"]
[White "Athirai, S."]
[Black "Nayak, Biswajit"]
[Result "0-1"]
[WhiteElo "1899"]
[BlackElo "1990"]
[PlyCount "56"]
[EventDate "2021.02.19"]
[EventType "team (rapid)"]
[EventRounds "7"]
[EventCountry "USA"]
[SourceTitle "EXT 2022"]
[Source "ChessBase"]
[SourceDate "2021.10.06"]
[SourceVersion "1"]
[SourceVersionDate "2021.10.06"]
[SourceQuality "1"]
[WhiteTeam "Cognizant Tamil Nadu"]
[BlackTeam "E Zest Solutions"]
[WhiteTeamCountry "IND"]
[BlackTeamCountry "IND"]

1. e4 e6 2. d4 d5 3. Nc3 Nf6 4. e5 Nfd7 5. Nce2 c5 6. c3 Nc6 7. f4 cxd4 8. cxd4 Qb6 9. Nf3 Bb4+ 10. Bd2 0-0 11. a3 Be7 12. b4 f6 13. Bc3 fxe5 14. fxe5 a5 15. Ng3 axb4 16. axb4 Rxa1 17. Qxa1 Bxb4 18. Bd3 Nxd4 19. Nd2 Bxc3 20. Qxc3 Nxe5 21. Rf1 Nxd3+ 22. Qxd3 Rxf1+ 23. Kxf1 Bd7 24. Ke1 Ba4 25. Qc3 Nc6 26. Nh5 Qd4 27. Qg3 Qe5+ 28. Qxe5 Nxe5 0-1

[Event "Bampada Balasore op 2nd"]
[Site "Bampada"]
[Date "2017.05.08"]
[Round "7"]
[White "Rakesh, Kumar Nayak"]
[Black "Nayak, Biswajit"]
[Result "1/2-1/2"]
[WhiteElo "2099"]
[BlackElo "2013"]
[PlyCount "47"]
[EventDate "2017.05.05"]
[EventType "swiss"]
[EventRounds "9"]
[EventCountry "IND"]
[SourceTitle "CBM 178 Extra"]
[Source "ChessBase"]
[SourceDate "2017.06.22"]
[SourceVersion "1"]
[SourceVersionDate "2017.06.22"]
[SourceQuality "1"]

1. Nf3 d5 2. b3 Nf6 3. Bb2 e6 4. e3 Be7 5. Be2 0-0 6. 0-0 Nbd7 7. d3 b6 8. Nbd2 Bb7 9. Qc1 Re8 10. Rd1 c5 11. Nf1 Qc7 12. Ng3 Bf8 13. c4 Rad8 14. Qc2 e5 15. e4 d4 16. Bc1 g6 17. Bd2 Bc6 18. Qc1 Bg7 19. Bh6 Qd6 20. Bxg7 Kxg7 21. Qg5 Kh8 22. Qh4 Qf8 23. Ng5 h6 24. Nh3 1/2-1/2

[Event "Bhubaneswar Pillai Memorial"]
[Site "Bhubaneswar"]
[Date "2016.11.24"]
[Round "9"]
[White "Nayak, Biswajit"]
[Black "Sai, Shravan R"]
[Result "1-0"]
[WhiteElo "2040"]
[BlackElo "1436"]
[PlyCount "77"]
[EventDate "2016.11.20"]
[EventType "swiss"]
[EventRounds "11"]
[EventCountry "IND"]
[SourceTitle "CBM 175 Extra"]
[Source "ChessBase"]
[SourceDate "2016.12.12"]
[SourceVersion "1"]
[SourceVersionDate "2016.12.12"]
[SourceQuality "1"]

1. e4 e6 2. d4 d5 3. Nd2 dxe4 4. Nxe4 Nd7 5. Nf3 Ngf6 6. Nxf6+ Nxf6 7. Bd3 Be7 8. Bg5 0-0 9. Qd2 b6 10. 0-0-0 Bb7 11. h4 Bxf3 12. gxf3 Qd5 13. Kb1 Qxf3 14. Rhg1 Rad8 15. Bh6 g6 16. Bxf8 Bxf8 17. Qe3 Qxe3 18. fxe3 Bh6 19. Rg3 Nh5 20. Rf3 f5 21. c3 Nf6 22. Kc2 Ng4 23. Kd2 Kg7 24. Ke2 Rd6 25. Rh3 Kf6 26. e4 Rd8 27. Rf1 Kg7 28. Bc4 Re8 29. e5 c6 30. b4 b5 31. Bb3 a6 32. a4 Kf7 33. Ra1 Re7 34. axb5 axb5 35. Ra6 Rc7 36. Rh1 Rc8 37. Ra7+ Kf8 38. Bxe6 Rd8 39. Rha1 1-0

[Event "Bhubaneswar Pillai Memorial"]
[Site "Bhubaneswar"]
[Date "2016.11.20"]
[Round "2"]
[White "Khillo, Purna"]
[Black "Nayak, Biswajit"]
[Result "0-1"]
[WhiteElo "1418"]
[BlackElo "2040"]
[PlyCount "70"]
[EventDate "2016.11.20"]
[EventType "swiss"]
[EventRounds "11"]
[EventCountry "IND"]
[SourceTitle "CBM 175 Extra"]
[Source "ChessBase"]
[SourceDate "2016.12.12"]
[SourceVersion "1"]
[SourceVersionDate "2016.12.12"]
[SourceQuality "1"]

1. d4 Nf6 2. Nf3 g6 3. g3 Bg7 4. Bg2 0-0 5. 0-0 d6 6. Bg5 h6 7. Bxf6 Bxf6 8. c3 c6 9. Nbd2 Nd7 10. Ne4 Bg7 11. Qd3 d5 12. Ned2 e5 13. e4 exd4 14. Nxd4 Nc5 15. Qe3 Nxe4 16. Nxe4 dxe4 17. Rad1 Qa5 18. b4 Qxa2 19. Qxe4 Qc4 20. Qd3 Qxd3 21. Rxd3 Rd8 22. Rfd1 Bxd4 23. Rxd4 Rxd4 24. Rxd4 Be6 25. Rd1 a5 26. Ra1 a4 27. Ra3 Bb3 28. Kf1 Re8 29. Bf3 Rd8 30. Ke1 Rd3 31. Be4 Rxc3 32. b5 cxb5 33. Kd2 b4 34. Bb1 bxa3 35. Kxc3 a2 0-1

[Event "Bhubaneswar op 2nd"]
[Site "Bhubaneswar"]
[Date "2010.05.22"]
[Round "1"]
[White "Nayak, Biswajit"]
[Black "Fier, Alexandr"]
[Result "0-1"]
[WhiteElo "2014"]
[BlackElo "2581"]
[PlyCount "72"]
[EventDate "2010.05.22"]
[EventType "swiss"]
[EventRounds "11"]
[EventCountry "IND"]
[SourceTitle "CBM 136 Extra"]
[Source "ChessBase"]
[SourceDate "2010.07.02"]
[SourceVersion "2"]
[SourceVersionDate "2010.07.15"]
[SourceQuality "1"]

1. e4 c5 2. Nf3 d6 3. d4 cxd4 4. Nxd4 Nf6 5. Nc3 e6 6. Be2 Be7 7. Be3 0-0 8. 0-0 Nc6 9. f4 Bd7 10. Nb3 a5 11. a4 Nb4 12. Bd3 Bc6 13. Nd4 Nd7 14. Qh5 g6 15. Qh3 Bf6 16. Rad1 Nxd3 17. Rxd3 Qc8 18. Ndb5 Bxb5 19. Nxb5 Qxc2 20. Rxd6 Rad8 21. f5 Qxe4 22. fxe6 fxe6 23. b3 Be5 24. Qxe6+ Kh8 25. Re1 Rde8 26. Qd5 Bxh2+ 27. Kh1 Qxd5 28. Rxd5 Nf6 29. Rdd1 Bg3 30. Re2 Re4 31. Rd4 Re5 32. Rdd2 Rh5+ 33. Kg1 Bh2+ 34. Kh1 Ng4 35. Bd4+ Be5+ 36. Kg1 Bxd4+ 0-1

[Event "IND-ch U17 20th"]
[Site "Chakradharpur"]
[Date "2009.10.09"]
[Round "4"]
[White "Nayak, Biswajit"]
[Black "Mehar, Chinna Reddy CH"]
[Result "1-0"]
[WhiteElo "2023"]
[BlackElo "2235"]
[PlyCount "55"]
[EventDate "2009.10.07"]
[EventType "swiss"]
[EventRounds "11"]
[EventCountry "IND"]
[SourceTitle "CBM 132 Extra"]
[Source "ChessBase"]
[SourceDate "2009.11.03"]
[SourceVersion "1"]
[SourceVersionDate "2009.11.03"]
[SourceQuality "1"]

1. e4 c5 2. Nf3 d6 3. d4 cxd4 4. Nxd4 Nf6 5. Nc3 Nc6 6. Bg5 e6 7. Qd2 a6 8. 0-0-0 Bd7 9. f4 b5 10. Bxf6 gxf6 11. Kb1 Qb6 12. Nce2 h5 13. g3 Rc8 14. Bg2 b4 15. Rhf1 a5 16. Nxc6 Bxc6 17. Nd4 Bd7 18. e5 f5 19. exd6 Bg7 20. Qe3 Qc5 21. Rd2 a4 22. Re1 0-0 23. Nf3 Qa5 24. Ne5 Rfd8 25. Bf3 b3 26. cxb3 axb3 27. axb3 Rc5 28. b4 1-0

[Event "Bhubaneswar op 1st"]
[Site "Bhubaneswar"]
[Date "2009.06.10"]
[Round "5"]
[White "Rathnakaran, Kantholi"]
[Black "Nayak, Biswajit"]
[Result "1-0"]
[WhiteElo "2427"]
[BlackElo "1995"]
[PlyCount "61"]
[EventDate "2009.06.07"]
[EventType "swiss"]
[EventRounds "10"]
[EventCountry "IND"]
[SourceTitle "CBM 130 Extra"]
[Source "ChessBase"]
[SourceDate "2009.07.02"]
[SourceVersion "2"]
[SourceVersionDate "2009.07.15"]
[SourceQuality "1"]

1. e4 e5 2. Nf3 Nc6 3. Bc4 Bc5 4. 0-0 Nf6 5. d3 d6 6. c3 a6 7. a4 0-0 8. Nbd2 Ba7 9. Bb3 h6 10. Bc2 Re8 11. h3 d5 12. Re1 a5 13. exd5 Nxd5 14. Nc4 f6 15. d4 exd4 16. Rxe8+ Qxe8 17. Qd3 f5 18. Bd2 Be6 19. Re1 Rd8 20. Qe2 Bf7 21. Nce5 Nxe5 22. Nxe5 Bh5 23. g4 fxg4 24. Qd3 g6 25. hxg4 Ne3 26. Bb3+ Kg7 27. gxh5 dxc3 28. Qxc3 Bd4 29. Qxc7+ Kf6 30. Ng4+ Kg5 31. Nxe3 1-0